000 01611nam a22003737a 4500
003 CHAP
005 20220329143841.0
008 120124s2011 mx r 00010 spa d
010 _a102768
011 _a103740
035 _a114429
040 _cCHAP
090 _aTesis
100 1 _aRoblero Morales, Marin
_998052
245 1 3 _aEl despertar de la serpiente, la Sierra Madre de Chiapas en riesgo :
_bExtracción minera y comunidades en resistencia en Chicomuselo, Chiapas
_h[En línea]
_c/por Marin Roblero Morales
260 _aSan Cristóbal de las Casas, Chiapas. :
_bEl autor,
_c2011
500 _aPara ver el contenido del material haga clic en la liga
502 _aTesis (M.C. en Desarrollo Rural Regional) -- UACH. Dirección de Centros Regionales Universitarios
590 _aALEPH
_b10
_c20130110
_lUCH01
_h1544
590 _aBATCH-UPD
_b10
_c20130110
_lUCH01
_h1616
590 _aBATCH-UPD
_b10
_c20130410
_lUCH01
_h0547
590 _aBATCH-UPD
_b10
_c20130914
_lUCH01
_h1145
590 _aBATCH-UPD
_b10
_c20140324
_lUCH01
_h1530
590 _aBATCH-UPD
_b10
_c20141002
_lUCH01
_h0852
590 _aCONVERSION
_b10
_c20130109
_lUCH01
_h1357
650 1 4 _aDesarrollo de la comunidad
_zChiapas.
_931979
650 1 4 _aMinas y recursos minerales
_xChiapas.
_975908
650 1 4 _aRecursos naturales
_xConservación
_zChiapas.
_995260
856 _3Finding aid
_uhttp://10.13.5.2/tesis/114429.pdf
_zTeclea aqui
901 _aBK
942 _cFOLL
949 _aTesis
_bBC
_cTES
_d33724002320710
_eTS2
_fc.2
_gDonaciØn
_h53285
_i114429
_st
949 _aTesis
_bBC
_cTES
_d33724002322389
_eTS1
_gDonaciØn
_h53284
_i114429
_st
999 _c102768
_d102768